| 000 | 01272cad a22002775a 4500 | ||
|---|---|---|---|
| 001 | L158238 | ||
| 008 | 100106s2013 xxk f 000 0 eng d | ||
| 020 | _a9781842199213 | ||
| 035 | _a(Sirsi) u158238 | ||
| 041 | 0 | _aeng | |
| 050 | 0 | 4 | _a025.4 $2 18 |
| 110 | 2 |
_aRoyal Institution of Chartered Surveyors _94900 |
|
| 245 | 0 | 0 |
_aManaging communications _c[archived] |
| 250 | _a1st ed. | ||
| 260 |
_aLondon _bRICS _c2013 |
||
| 490 | 0 | _aRICS Information Paper | |
| 500 | _aArchived. Effective July 2013 to August 2018. | ||
| 520 | _aExamines communications in an industry context, covering how clear, consistent communication via different media enables stakeholders to play their part in delivering a successful project. Some of the topics addressed in this publication include stakeholder management, communications strategy, communications plans, communications vehicles and channels, and project identity and brand. | ||
| 521 | _aAdvanced | ||
| 590 | _aKA | ||
| 650 | 2 | 4 | _aCOMMUNICATION MANAGEMENT |
| 651 | 4 | _aUnited Kingdom | |
| 690 |
_aProject management _96261 |
||
| 856 | 4 | 1 |
_uhttps://www.isurv.com/downloads/file/5186/archive_managing_communications_1st_edition_july_2013%E2%80%93june_2018 _zArchived on isurv (subscription required) |
| 942 |
_n0 _2ddc |
||
| 999 |
_c115219 _d115219 |
||